CALCULUS OF A SINGLE VARIABLE EARLY TRANSCENDNDETAL FUNCTIONS (Record no. 216200)

MARC details
000 -LEADER
fixed length control field 00552nam a22001937a 4500
008 - FIXED-LENGTH DATA ELEMENTS--GENERAL INFORMATION
fixed length control field 251118b |||||||| |||| 00| 0 eng d
020 ## - INTERNATIONAL STANDARD BOOK NUMBER
International Standard Book Number 978-0-538-73553-7
050 ## - LIBRARY OF CONGRESS CALL NUMBER
Classification number QA 303.2 .L37 2011
Item number C.1
100 ## - MAIN ENTRY--PERSONAL NAME
Personal name LARSON RON
245 ## - TITLE STATEMENT
Title CALCULUS OF A SINGLE VARIABLE EARLY TRANSCENDNDETAL FUNCTIONS
250 ## - EDITION STATEMENT
Edition statement FIFTH EDITION
260 ## - PUBLICATION, DISTRIBUTION, ETC.
Place of publication, distribution, etc. CALIFORNIA
Name of publisher, distributor, etc. RICHARD STRATHON
Date of publication, distribution, etc. 2011
300 ## - PHYSICAL DESCRIPTION
Extent V-1565P.
500 ## - GENERAL NOTE
General note IT HAS BIBLIOGRAPHIC DATA
650 ## - SUBJECT ADDED ENTRY
Topical term or geographic name entry element CALCULUS TEXTBOOKS
700 ## - ADDED ENTRY--PERSONAL NAME
Personal name LARSON RON
942 ## - ADDED ENTRY ELEMENTS (KOHA)
Source of classification or shelving scheme Library of Congress Classification
Koha item type Long Loan Book
Holdings
Withdrawn status Lost status Source of classification or shelving scheme Damaged status Not for loan Collection Home library Current library Shelving location Date acquired Inventory number Total checkouts Full call number Barcode Date last seen Copy number Price effective from Koha item type
    Library of Congress Classification     Medicine Kisii University Library Kisii University Library On Display 11/18/2025 109827   QA 303 .2 .L 37 2011 000000022618 11/18/2025 C.1 11/18/2025 Long Loan Book
    Library of Congress Classification     Medicine Kisii University Library Kisii University Library On Display 11/18/2025 109828   QA 303 .2 .L 37 2011 000000022617 11/18/2025 C.2 11/18/2025 Long Loan Book
    Library of Congress Classification     Medicine Kisii University Library Kisii University Library On Display 11/18/2025 109829   QA 303 .2 .L 37 2011   11/18/2025 C.3 11/18/2025 Long Loan Book
    Library of Congress Classification     Medicine Kisii University Library Kisii University Library On Display 11/18/2025 109829   QA 303 .2 .L 37 2011 000000022615 11/18/2025 C.3 11/18/2025 Long Loan Book